International Relations (Record no. 3526)

MARC details
000 -LEADER
fixed length control field 00426nam a22001457a 4500
008 - FIXED-LENGTH DATA ELEMENTS--GENERAL INFORMATION
fixed length control field 250515b |||||||| |||| 00| 0 eng d
020 ## - INTERNATIONAL STANDARD BOOK NUMBER
ISBN 9788174730695
100 ## - MAIN ENTRY--AUTHOR
Author Dalmer, D. Norman
245 ## - TITLE STATEMENT
Title International Relations
Remainder of title The World Community in Transition
260 ## - PUBLICATION, DISTRIBUTION, ETC. (IMPRINT)
Place of publication Delhi
Name of publisher AITB Publishers
Date of publication 2019
300 ## - COLLATION
Pagination xi, 818p.
Other physical details ill.
650 ## - TRACINGS
Main Subject International Relations
Subdivision (1st) World Politics
942 ## - ADDED ENTRY ELEMENTS (KOHA)
Item type Books
050 ## - LIBRARY OF CONGRESS CALL NUMBER
Classification number JX1308
Item number .P35
Holdings
Source of classification or shelving scheme Not for loan Permanent location Current location Date acquired Accession No. Full call number Barcode. Koha item type
Library of Congress Classification   Samuel Ogbemudia Main Library, University of Abuja Samuel Ogbemudia Main Library, University of Abuja 05/15/2025 2025/64468 JX1308.P35 2025-1999 Books